[Event "Marseille op 2nd "]
[Site "Marseille"]
[Date "2009.12.29"]
[Round "8"]
[White "Larribere, Hadrien"]
[Black "Aiglon, Laurent"]
[Result "1-0"]
[WhiteElo "1923"]
[BlackElo "2102"]
[PlyCount "55"]
[EventDate "2009.12.26"]
[EventType "swiss"]
[EventRounds "9"]
[EventCountry "FRA"]
[SourceTitle "CBM 134 Extra"]
[Source "ChessBase"]
[SourceDate "2010.03.03"]
[SourceVersion "1"]
[SourceVersionDate "2010.03.03"]
[SourceQuality "1"]

1. e4 c5 2. Nf3 Nc6 3. d4 cxd4 4. Nxd4 Nf6 5. Nc3 e5 6. Nb3 Bb4 7. Bc4 h6 8. 0-0 0-0 9. Qd3 Bxc3 10. bxc3 Na5 11. Nxa5 Qxa5 12. Bb3 b6 13. c4 Ba6 14. a4 Bb7 15. f3 Qc5+ 16. Kh1 Rfe8 17. Ba3 Qc7 18. Rfd1 Rac8 19. Bd6 Qc6 20. a5 bxa5 21. Rxa5 Ba6 22. Ra4 Re6 23. Qd2 Ne8 24. Ba3 Rg6 25. Qb4 Nc7 26. Rd6 Rxd6 27. Qxd6 Qxd6 28. Bxd6 1-0

[Event "Marseille op 2nd "]
[Site "Marseille"]
[Date "2009.12.28"]
[Round "6"]
[White "Larribere, Hadrien"]
[Black "Renault, Alix"]
[Result "1-0"]
[WhiteElo "1923"]
[BlackElo "1590"]
[PlyCount "65"]
[EventDate "2009.12.26"]
[EventType "swiss"]
[EventRounds "9"]
[EventCountry "FRA"]
[SourceTitle "CBM 134 Extra"]
[Source "ChessBase"]
[SourceDate "2010.03.03"]
[SourceVersion "1"]
[SourceVersionDate "2010.03.03"]
[SourceQuality "1"]

1. e4 c6 2. d4 d5 3. Nc3 dxe4 4. Nxe4 Bf5 5. Ng3 Bg6 6. Nf3 Nd7 7. Be3 e6 8. Bc4 Bd6 9. 0-0 Ngf6 10. Re1 Qc7 11. a4 h6 12. Bb3 0-0 13. c4 c5 14. dxc5 Nxc5 15. Bc2 Bxc2 16. Qxc2 Rfd8 17. Rad1 Rac8 18. Nd4 a6 19. b4 Ncd7 20. c5 Nd5 21. Qb3 Bf8 22. Bc1 b6 23. Rxe6 Nxc5 24. bxc5 fxe6 25. Nxe6 Qb7 26. Nxd8 Rxd8 27. cxb6 Kh8 28. a5 Bb4 29. Nf1 Be7 30. Be3 Kg8 31. Qc4 Kh8 32. h3 Kg8 33. Bf4 1-0

[Event "Marseille op 2nd "]
[Site "Marseille"]
[Date "2009.12.26"]
[Round "2"]
[White "Larribere, Hadrien"]
[Black "Petrossian, Armen"]
[Result "0-1"]
[WhiteElo "1923"]
[BlackElo "2421"]
[PlyCount "76"]
[EventDate "2009.12.26"]
[EventType "swiss"]
[EventRounds "9"]
[EventCountry "FRA"]
[SourceTitle "CBM 134 Extra"]
[Source "ChessBase"]
[SourceDate "2010.03.03"]
[SourceVersion "1"]
[SourceVersionDate "2010.03.03"]
[SourceQuality "1"]

1. e4 e5 2. Nf3 Nc6 3. Bc4 Bc5 4. 0-0 d6 5. h3 Nf6 6. d3 a6 7. a4 h6 8. Re1 0-0 9. c3 Ba7 10. Be3 Bxe3 11. fxe3 d5 12. exd5 Nxd5 13. d4 e4 14. Nfd2 f5 15. Nf1 Kh7 16. Nbd2 Nce7 17. Bb3 Ng6 18. Kh1 Be6 19. Bc2 a5 20. Nb3 b6 21. Nc1 Qg5 22. g3 Rae8 23. Qe2 Bc8 24. Qf2 Qh5 25. Qh2 Ba6 26. Bd1 Qg5 27. h4 Qd8 28. Be2 Bb7 29. Bb5 c6 30. Bc4 Nf6 31. Be2 Ng4 32. Bxg4 fxg4 33. Ne2 Rf3 34. Nf4 Nxf4 35. exf4 e3 36. Qc2+ Kg8 37. Re2 c5 38. Kh2 Qxh4+ 0-1

[Event "FRA-ch op-B"]
[Site "Aix les Bains"]
[Date "2007.08.17"]
[Round "4"]
[White "Chasez, Fabien"]
[Black "Larribere, Hadrien"]
[Result "1-0"]
[WhiteElo "1972"]
[BlackElo "1920"]
[PlyCount "81"]
[EventDate "2007.08.13"]
[EventType "swiss"]
[EventRounds "11"]
[EventCountry "FRA"]
[SourceTitle "CBM 120 Extra"]
[Source "ChessBase"]
[SourceDate "2007.11.01"]
[SourceVersion "1"]
[SourceVersionDate "2007.11.01"]
[SourceQuality "1"]

1. e4 c5 2. Nf3 e6 3. c3 d5 4. e5 Nc6 5. d4 cxd4 6. cxd4 a6 7. Be2 Nge7 8. 0-0 Bd7 9. b3 Ng6 10. g3 Rc8 11. Bb2 Be7 12. Nbd2 Qb6 13. h4 Nb4 14. a3 Nc6 15. Rc1 0-0 16. h5 Nh8 17. Bd3 f6 18. Qe2 f5 19. Kg2 Nf7 20. Qe3 Qd8 21. Rh1 Nh6 22. Qe2 Be8 23. b4 Nb8 24. Nb3 Nd7 25. Na5 Rxc1 26. Rxc1 Qb8 27. Bxa6 Nb6 28. Bxb7 Bxh5 29. Qa6 Nc4 30. Nxc4 f4 31. Qxe6+ Kh8 32. Bxd5 Qd8 33. Be4 fxg3 34. fxg3 Bxf3+ 35. Bxf3 Nf5 36. d5 Bg5 37. Rf1 Bh6 38. Bg4 g6 39. Bxf5 gxf5 40. d6 Qa8+ 41. Rf3 1-0

[Event "FRA-ch op-C"]
[Site "Chartres"]
[Date "2005.08.17"]
[Round "2"]
[White "Larribere, Hadrien"]
[Black "Amoyal, Raphael"]
[Result "1-0"]
[WhiteElo "1670"]
[BlackElo "1510"]
[PlyCount "53"]
[EventDate "2005.08.15"]
[EventType "swiss"]
[EventRounds "11"]
[EventCountry "FRA"]
[SourceTitle "EXT 2006"]
[Source "ChessBase"]
[SourceDate "2005.11.24"]
[SourceVersion "1"]
[SourceVersionDate "2005.11.24"]
[SourceQuality "1"]

1. e4 e6 2. d4 d5 3. exd5 exd5 4. Nf3 Bd6 5. Nc3 Nf6 6. Bg5 Be6 7. Qd2 0-0 8. 0-0-0 Nc6 9. Re1 Re8 10. Ne5 Bb4 11. a3 Bxc3 12. bxc3 Rc8 13. Bb5 Qe7 14. Kb2 a6 15. Ba4 b5 16. Bb3 Na5 17. h4 Nc4+ 18. Bxc4 bxc4 19. Ka2 Rb8 20. Nc6 Qd7 21. Nxb8 Rxb8 22. Bxf6 gxf6 23. Rb1 Rxb1 24. Rxb1 Qd8 25. Qf4 a5 26. Rb7 c6 27. Rb8 1-0

[Event "FRA-ch op-C"]
[Site "Chartres"]
[Date "2005.??.??"]
[Round "8"]
[White "Falais, Jean Francois"]
[Black "Larribere, Hadrien"]
[Result "1-0"]
[WhiteElo "1700"]
[BlackElo "1670"]
[PlyCount "83"]
[EventDate "2005.08.15"]
[EventType "swiss"]
[EventRounds "11"]
[EventCountry "FRA"]
[SourceTitle "EXT 2006"]
[Source "ChessBase"]
[SourceDate "2005.11.24"]
[SourceVersion "1"]
[SourceVersionDate "2005.11.24"]
[SourceQuality "1"]

1. d4 Nf6 2. c4 e6 3. Nc3 c5 4. d5 exd5 5. Nxd5 Nxd5 6. Qxd5 d6 7. Nf3 h6 8. Bd2 Nc6 9. a3 a5 10. e3 Be7 11. Bc3 Bf6 12. Qd2 0-0 13. Bd3 Be6 14. Rc1 a4 15. Bxf6 Qxf6 16. Qc3 Qd8 17. 0-0 Na5 18. Nd2 Qg5 19. f4 Qd8 20. f5 Bd7 21. f6 g6 22. Rf3 Nc6 23. Rg3 Ne5 24. Rf1 h5 25. Ne4 Qc7 26. Rf4 Ng4 27. h3 Nxe3 28. Qd2 d5 29. Qxe3 dxe4 30. Rxe4 Ra6 31. Rf3 Qd8 32. Qg5 Re8 33. Ref4 Ree6 34. Bxg6 Rxf6 35. Rxf6 Rxf6 36. Rxf6 Be6 37. Bxf7+ Kf8 38. Bxe6+ Ke7 39. Qg7+ Kd6 40. Bd5+ Ke5 41. Qg5+ Kd4 42. Rf4+ 1-0

[Event "FRA-ch op-C"]
[Site "Chartres"]
[Date "2005.??.??"]
[Round "7"]
[White "Larribere, Hadrien"]
[Black "Clementiaux, Lucas"]
[Result "0-1"]
[WhiteElo "1670"]
[BlackElo "1640"]
[PlyCount "46"]
[EventDate "2005.08.15"]
[EventType "swiss"]
[EventRounds "11"]
[EventCountry "FRA"]
[SourceTitle "EXT 2006"]
[Source "ChessBase"]
[SourceDate "2005.11.24"]
[SourceVersion "1"]
[SourceVersionDate "2005.11.24"]
[SourceQuality "1"]

1. d4 g6 2. e4 Bg7 3. f4 d5 4. e5 f5 5. Nf3 e6 6. b3 Ne7 7. c4 c6 8. Qd2 Bd7 9. a4 a5 10. Ba3 Na6 11. Nc3 Qb6 12. Rb1 Bh6 13. g3 c5 14. dxc5 Nxc5 15. Qd4 Rc8 16. cxd5 Nxd5 17. Nxd5 exd5 18. Rb2 Bf8 19. e6 Qxe6+ 20. Re2 Ne4 21. Qxh8 Qf7 22. Qxf8+ Qxf8 23. Bxf8 Rc1# 0-1